1755 1179 1752 1923 1269 1797 1039 1371 1648 1680 1366 1806 1964 1901 1037 1098 1767 1832 1546 1071 1250 1646 1389 1543 1887 1336 1337 1328 1396 1037 1138 1226 1414 1424 1812 1776 1362 1351 1438 1789 1116 1578 1267 1753 1134 1097 1928 1177 1382 1302 1096 1255 1500 1209 1500 1263 1123 1070 1747 1053 1614 1153 1474 1884 1932 1049 1264 1486 1910 1703 1694 1027 1807 1208 1921 1434 1412 1076 1918 1742 1145 1878 1094 1173 1059 1415 1843 1570 1539 1203 1039 1995 1223 1337 1031 1991 1869 1586 1231 BCNSPRNW ULIB Ver.6.0+V

เปลี่ยนเป็นภาษาไทย

Change to English
 แสดงรายละเอียดบรรณานุกรม
  กลับหน้าหลัก

Brief Record : Get Marc (ISO 2709) : E-mail record : QR code < ปิดหน้าต่าง
LEADER : 00000nam 2200000uu 4500
001    13399124564
003     ULIB
008    150924s2558||||th 000 0 tha d
020    ^a9786163825452
060  4 ^aWY200^bด429ก
100    ^aดารุณี จงอุดมการณ์
245    ^aการพยาบาลสุขภาพครอบครัว : แนวคิดทฤษฎีและการประยุกต์ใช้ในครอบครัวระยะวิกฤต/^bดารุณี จงอุดมการณ์
250    ^aพิมพ์ครั้งที่ 2
260    ^aขอนแก่น :^bคณะพยาบาลศาสตร์ มหาวิทยาลัยขอนแก่น,^c2558
300    ^a306 หน้า^bภาพประกอบ
650  7 ^aการพยาบาลครอบครัว
650  7 ^aครอบครัว^xระยะวิกฤต
945    ^p480^l0^i23180
945    ^p480^l0^i23179
945    ^p480^l0^i23178
945    ^p480^l0^i23177
945    ^p480^l0^i23176
945    ^p480^l0^i23175
945    ^p480^l0^i23174
945    ^p480^l0^i23173
945    ^p480^l0^i23172
945    ^p480^l0^i23171
999    ^aทศพร เกษรทอง
รายการนี้ยังไม่มีแท็ก
คุณยังไม่ได้ล็อกอิน คุณสามารถมีกิจกรรมร่วมกับเว็บไซต์ได้ แต่ต้องล็อกอินก่อน ::
  ล็อกอิน

รายการสื่อสารสนเทศ

ลำดับที่ ประเภท เลขเรียก/บาร์โค้ด สถานที่ สถานะ
1. Book การพยาบาล
Book การพยาบาล
สถานะ=หนังสือเก่า
WY200 ด429ก ฉ.1 
  Barcode: 23171
ห้องสมุดวิทยาเขตนครสวรรค์
►ส่วนจัดเก็บหนังสือเก่า นว.
บนชั้น
  ขอยืม
2. Book การพยาบาล
Book การพยาบาล
สถานะ=หนังสือเก่า
WY200 ด429ก ฉ.10 
  Barcode: 23180
ห้องสมุดวิทยาเขตนครสวรรค์
►ส่วนจัดเก็บหนังสือเก่า นว.
บนชั้น
  ขอยืม
3. Book การพยาบาล
Book การพยาบาล
สถานะ=หนังสือเก่า
WY200 ด429ก ฉ.2 
  Barcode: 23172
ห้องสมุดวิทยาเขตนครสวรรค์
►ส่วนจัดเก็บหนังสือเก่า นว.
บนชั้น
  ขอยืม
4. Book การพยาบาล
Book การพยาบาล
สถานะ=หนังสือเก่า
WY200 ด429ก ฉ.3 
  Barcode: 23173
ห้องสมุดวิทยาเขตนครสวรรค์
►ส่วนจัดเก็บหนังสือเก่า นว.
บนชั้น
  ขอยืม
5. Book การพยาบาล
Book การพยาบาล
สถานะ=หนังสือเก่า
WY200 ด429ก ฉ.4 
  Barcode: 23174
ห้องสมุดวิทยาเขตนครสวรรค์
►ส่วนจัดเก็บหนังสือเก่า นว.
บนชั้น
  ขอยืม
6. Book การพยาบาล
Book การพยาบาล
สถานะ=หนังสือเก่า
WY200 ด429ก ฉ.5 
  Barcode: 23175
ห้องสมุดวิทยาเขตนครสวรรค์
►ส่วนจัดเก็บหนังสือเก่า นว.
บนชั้น
  ขอยืม
7. Book การพยาบาล
Book การพยาบาล
สถานะ=หนังสือเก่า
WY200 ด429ก ฉ.6 
  Barcode: 23176
ห้องสมุดวิทยาเขตนครสวรรค์
►ส่วนจัดเก็บหนังสือเก่า นว.
บนชั้น
  ขอยืม
8. Book การพยาบาล
Book การพยาบาล
สถานะ=หนังสือเก่า
WY200 ด429ก ฉ.7 
  Barcode: 23177
ห้องสมุดวิทยาเขตนครสวรรค์
►ส่วนจัดเก็บหนังสือเก่า นว.
บนชั้น
  ขอยืม
9. Book การพยาบาล
Book การพยาบาล
สถานะ=หนังสือเก่า
WY200 ด429ก ฉ.8 
  Barcode: 23178
ห้องสมุดวิทยาเขตนครสวรรค์
►ส่วนจัดเก็บหนังสือเก่า นว.
บนชั้น
  ขอยืม
10. Book การพยาบาล
Book การพยาบาล
สถานะ=หนังสือเก่า
WY200 ด429ก ฉ.9 
  Barcode: 23179
ห้องสมุดวิทยาเขตนครสวรรค์
►ส่วนจัดเก็บหนังสือเก่า นว.
บนชั้น
  ขอยืม

รายการใกล้เคียง
    ผู้แต่ง [ดารุณี จงอุดมการณ์]

    หัวเรื่อง [การพยาบาลครอบครัว]

BibComment


ยังไม่เคยถูกคอมเมนท์

คอมเมนท์ทรัพยากรรายการนี้
  คอมเมนท์: การพยาบาลสุขภาพค..


 Copyright 2026. Bcnsprnw @Library